|
|
|
|
| LEADER |
00972nam a2200229 a 4500 |
| 008 |
090827sr20031974xxu 000 0 eng d |
| 020 |
|
|
|a 0071164944
|
| 020 |
|
|
|a 0070990107
|
| 040 |
|
|
|b eng
|
| 082 |
|
|
|a 515.9
|2 22
|
| 100 |
1 |
|
|a Spiegel, Murray R.
|
| 245 |
1 |
0 |
|a Schaum's outlines theory and problems of complex variables with an introduction to conformal mapping and its applications.
|
| 250 |
|
|
|a S1 (metric) ed. /
| bMurray R. Spiegel.
|
| 260 |
|
|
|a New York :
|b McGraw-Hill,
|c c1974.[reprinted 2003]
|
| 300 |
|
|
|a v, 346 p. ;
|c 23 cm.
|
| 490 |
0 |
|
|a Schaum's outline series
|
| 541 |
1 |
|
|e 00008699
|
| 650 |
|
0 |
|a Functions of complex variables.
|
| 650 |
|
0 |
|a Conformal mapping.
|
| 852 |
4 |
|
|a Ayesha Abed Library
|j General Shelf.
|
| 999 |
|
|
|c 3541
|d 3541
|
| 952 |
|
|
|0 0
|1 4
|2 ddc
|4 0
|6 515_900000000000000_SPI_1974
|7 0
|9 3214
|a BRACUL
|b BRACUL
|c GEN
|d 2009-09-02
|g 0.00
|l 47
|m 286
|o 515.9 SPI
|p 3010008699
|r 2022-11-20
|s 2022-06-27
|t 1
|w 2009-09-02
|y BK
|x No price found in the accession register.
|